000
00342nam a2200133Ia 4500
008
100328s9999 xx 000 0 und d
082
_b
8503
100
_a
दळवी जयवंत
245
_a
गहिवर
260
_b
ग.पां.परचुरे
630
_a
गहिवर
730
_a
गहिवर
942
_c
BOOK
999
_c
504277
_d
504274